00825 2200301 4500001002100000005001500021035002000036007000300056008004100059040001700100100002900117245006200146250001300208300003100221020002200252041000800274082000800282084001400290090001800304260003500322264004700357336002100404337003000425338002300455850001000478650001300488990002200501INLIS00000000000435720260527124746 a0010-1121000124ta260527 0  aSBPUPADbind0 aNina Andiana,ePengarang1 aAngry Birds :bBersedia, Siap, Terbang ! /cNina Andiana, a--Cet--1 a96 hlm. :bIlus ;c27,5 cm a978-979-22-8474-40 aind a372 a372 NIN a a300 TIM m 6-3 aJakarta :bCikal Aksara,c2009 a--Jakarta :bGramedia Pustaka Utama,c2013 2rdacontentaTeks 2rdamediaaTanpa Perantara 2rdacarrieraVolume aPUPAD 4aMewarnai a35.183/S/DPK/2021